|
|
|
|
| LEADER |
00000nam0a2200000 4500 |
| 001 |
112740 |
| 005 |
20231101215100.0 |
| 010 |
|
|
|a 5648012659
|
| 020 |
|
|
|a RU
|b 92-12245
|
| 035 |
|
|
|a (RuTPU)RU\TPU\book\121898
|
| 090 |
|
|
|a 112740
|
| 100 |
|
|
|a 20070402d1991 km a0rusy5003 ca
|
| 101 |
0 |
|
|a rus
|
| 102 |
|
|
|a UZ
|
| 105 |
|
|
|a a z 001zy
|
| 200 |
1 |
|
|a Минералургия золота и серебра
|f А. К. Кунбазаров
|g Среднеазиатский научно-исследовательский институт геологии и минерального сырья (САИГИМС)
|
| 210 |
|
|
|a Ташкент
|c Фан
|d 1991
|
| 215 |
|
|
|a 63,[1] с.
|c ил.
|
| 320 |
|
|
|a Литература: с. 59-63.
|
| 606 |
1 |
|
|a Золото
|x Минералогия
|2 stltpush
|3 (RuTPU)RU\TPU\subj\68643
|9 83837
|
| 606 |
1 |
|
|a Серебро
|x Минералогия
|2 stltpush
|3 (RuTPU)RU\TPU\subj\72275
|9 85839
|
| 610 |
1 |
|
|a минералургия
|
| 610 |
1 |
|
|a металлургия
|
| 610 |
1 |
|
|a серебряные руды
|
| 610 |
1 |
|
|a золотые руды
|
| 610 |
1 |
|
|a физико-химические основы
|
| 675 |
|
|
|a 549.2
|v 3
|
| 700 |
|
1 |
|a Кунбазаров
|b А. К.
|g Аябиль К.
|
| 712 |
0 |
2 |
|a Среднеазиатский научно-исследовательский институт геологии и минерального сырья (САИГИМС)
|2 stltpush
|3 (RuTPU)RU\TPU\col\10266
|
| 801 |
|
0 |
|a RU
|b RuMRKP
|c 19950417
|g psbo
|
| 801 |
|
1 |
|a RU
|b 63413507
|c 20070402
|g PSBO
|
| 801 |
|
2 |
|a RU
|b 63413507
|c 20130403
|g PSBO
|
| 942 |
|
|
|c BK
|